000 00625nam a2200193 a 4500
005 20240919063946.0
008 991125s1950 [s. 000 0 spa u
035 _aUPN01000026800
049 _aCG
050 4 _aHC10
_bN3.4
110 2 _aOrganización de las Naciones Unidas.
_bDepartamento de Información Pública
_929708
245 1 0 _aGuía de la carta de las Naciones Unidas /
_cNaciones Unidas, Departamento de Información Pública.
250 _a2a ed.
260 _a[S.l.] :
_bONU,
_c1950.
300 _a57 p.
500 _aDisponible en la Colección Medina
610 2 2 _aNaciones Unidas
_928489
905 _aLibro
999 _c26800
_d26800